The Switzerland Quiz Stats

Quiz Updated Jan 4, 2017

Also try: The France Quiz
Challenge
Share
Tweet
Embed
Score 0/50 Timer 07:00
2 Plays Today
Hint Answer % Correct
Flag ColorRed
98.5%
Flag ColorWhite
98.3%
Official LanguageGerman
95.4%
Official LanguageFrench
93.3%
Fourth Largest CityBern
92.8%
Capital CityBern
92.8%
Nationality (Demonym)Swiss
92.4%
Bordering CountryFrance
91%
Bordering CountryGermany
90.5%
Bordering CountryItaly
90.5%
Bordering CountryAustria
87%
Official LanguageItalian
86.4%
Drives on the...Right
84.7%
ContinentEurope
83.6%
Age of Suffrage18
80.4%
Internet Country Code.ch
80.1%
Symbol on FlagWhite Cross
79.8%
Status in World War IINeutral
79.8%
Largest CityZurich
78.2%
CurrencySwiss Franc (CHF)
75.8%
Second Largest CityGeneva
74.6%
Bordering CountryLiechtenstein
74.6%
Largest Religious Denomination Roman Catholic
73.6%
Largest Lake*Lake Geneva
73%
Largest Consumers of this SweetSwiss Chocolate
68.5%
Hint Answer % Correct
Famous Swiss Form of SingingYodeling
64.8%
Southern Mountain RangeSwiss Alps
64.2%
Founder of CalvinismJohn Calvin
55.2%
# of Cantons26
48.6%
Official LanguageRomansh
40.4%
Third Largest CityBasel
38.9%
Oldest Institution of Higher LearningUniversity of Basel
37.3%
Longest RiverRhine River
32.4%
Olympic Host Year(s)1928 & 1948
28%
Fifth Largest CityLausanne
25.7%
Official NameSwiss Confederation
24.9%
Olympic Host CitySt. Moritz
22.5%
Northern Mountain RangeJura Mountains
15.7%
Founding DayAugust 1, 1291
14.9%
Author, The Social ContractJean-Jacques Rousseau
14.7%
National Emblem (Woman Figure)Helvetia
12.4%
Largest CantonGraub√ľnden
12.4%
National AnthemSwiss Psalm
11.3%
Highest Point (4,634 m)Dufourspitze
10.2%
Third Man of the ReformationHuldrych Zwingli
10%
PresidentAlain Berset
9.7%
Federal ChancellorWalter Thurnherr
9.4%
Smallest CantonBasel-Stadt
8.5%
Lowest Point (195 m)Lake Maggiore
5.8%
First PresidentJonas Furrer
4.9%

You're not logged in!

Compare scores with friends on all Sporcle quizzes.
Sign Up with Email
OR
Log In

You Might Also Like...

Show Comments

Extras

Top Quizzes Today


Score Distribution

Your Account Isn't Verified!

In order to create a playlist on Sporcle, you need to verify the email address you used during registration. Go to your Sporcle Settings to finish the process.